000 01090cam a22001935a 4500
001 L144729
008 080806e20080603xxk f v 000 0 eng d
035 _a(Sirsi) u144729
041 0 _aeng
100 1 _aPawlowski, Mark
245 0 0 _aBeneficial ownership and detriment
260 _c2008
490 0 _aSolicitors' Journal
_v152(22), 3 June 2008, 16-17(2)
520 _aDiscusses what could constitute a basis for beneficial interest in a property for a non-cohabitee partner when this property is exclusively owned by the other partner. Examines, through case law, different actions which could be positive or prevent basis for beneficial share. Reports that the detriment needs not be substantial if the claimant relies upon an express common intention. Shows that a loan made at a very low price could constitute detriment for this purpose. On the other hand, detriment must include a financial outlay.
590 _aKA
651 4 _aEngland and Wales
_y1543-
690 _aMANAGEMENT-DISPUTE AVOIDANCE, MANAGEMENT AND RESOLUTION-DISPUTE MANAGEMENT AND RESOLUTION
942 _n0
999 _c108602
_d108602